000 00725nam a2200253Ia 4500
005 20260429112106.0
008 260429s9999||||xx |||||||||||||| ||und||
020 _a9781138584105
041 _aEnglish
082 _a658.408
_bCUD
100 _aCudney, Elizabeth A.
245 0 _aLean sustainability :
_ba pathway to a circular economy /
_cElizabeth A. Cudney
250 _a1st ed.
260 _aBoca Raton :
_bCRC Press,
_c2024.
300 _axxi, 309 p.; pbk
440 _aCintinuous improvement series
650 _a Sustainability
650 _aEconomy
700 _a Furterer, Sandra L.
700 _a Hundal, Gaganpreet S.
700 _a Laux, Chad M.
700 _aAgustiady, Tina Kanti
942 _cTB
999 _c52312
_d52312